书目信息 |
| 题名: |
教育与新人
|
|
| 作者: | 巴格莱 , Bagley 著 ;袁桂林 译 | |
| 分册: | ||
| 出版信息: | 北京 人民教育出版社 1996 |
|
| 页数: | 219页 | |
| 开本: | 20cm | |
| 丛书名: | 外国教育名著丛书 | |
| 单 册: | ||
| 中图分类: | G40-056 , G40-01 | |
| 科图分类: | ||
| 主题词: | 教育人类学 | |
| 电子资源: | ||
| ISBN: | 7-107-11308-9 | |
| 000 | 00888nam2 2200301 45 | |
| 001 | 0197022572 | |
| 005 | 20040426144602.4 | |
| 010 | @a7-107-11308-9@dCNY15 | |
| 010 | @a7-107-11309-7@b精装@d¥15 | |
| 100 | @a19970724d1996 kemy0chiy0121 ea | |
| 101 | 1 | @achi@ceng |
| 102 | @aCN@b110000 | |
| 105 | @af z 000yy | |
| 106 | @ar | |
| 200 | 10 | @a教育与新人@Ajiao yu yu xin ren@f(美)巴格莱(William Chandler Bagley)著@g袁桂林译 |
| 210 | @a北京@c人民教育出版社@d1996 | |
| 215 | @a219页@c画像@d20cm | |
| 225 | 2 | @a外国教育名著丛书 |
| 410 | 0 | @120010@a外国教育名著丛书 |
| 510 | 1 | @aEducation and emergent man@zeng |
| 606 | @a教育人类学 | |
| 690 | @aG40-056@v3 | |
| 690 | @aG40-01 | |
| 701 | 1 | @a巴格莱@Aba ge lai@bW.C.@4著 |
| 701 | A1 | @aBagley@bWilliam Chandler@4著 |
| 702 | 0 | @a袁桂林@Ayuan gui lin@4译 |
| 801 | 0 | @aCN@bNLC@c19970822 |
| 905 | @f2@b274450-451@dG40-01@e192 | |
| 教育与新人/(美)巴格莱(William Chandler Bagley)著/袁桂林译.-北京:人民教育出版社,1996 |
| 219页:画像;20cm.-(外国教育名著丛书) |
| ISBN 7-107-11308-9:CNY15 |
| ● |
| 相关链接 |
|
|
|
|
正题名:教育与新人
索取号:G40-01/192
 
预约/预借
| 序号 | 登录号 | 条形码 | 馆藏地/架位号 | 状态 | 备注 |
| 1 | 0274450 | 000268800 | 密集书库/ [索取号:G40-01/192] | 在馆 | |
| 2 | 0274451 | 000268793 | 密集书库/ [索取号:G40-01/192] | 在馆 | |
| 3 | 0274452 | 002062966 | 第一样本阅览室/ [索取号:G40-01/192] | 在馆 |